Proceedings of the congress: Sun and the end of the world

Na minha lista:
Detalhes bibliográficos
Formato: Livro
Idioma:espanhol
inglês
Publicado em: Valparaíso Universidad Católica de Valparaíso 2002
Assuntos:
Tags: Adicionar Tag
Sem tags, seja o primeiro a adicionar uma tag!

MARC

LEADER 00000nam a2200000 a 4500
001 UCK0135
003 CL-VaPUC
008 040915e20020000cl 1 spa d
020 |a 9561703300 
041 0 7 |a spa  |2 CL-VaPUC 
041 0 7 |a eng  |2 CL-VaPUC 
082 0 4 |a 621.47  |b PRO  |2 21 
245 1 0 |a Proceedings of the congress: Sun and the end of the world 
260 |a Valparaíso  |b Universidad Católica de Valparaíso  |c 2002 
300 |a 1 cd 
650 0 7 |a ENERGIA SOLAR  |2 CL-VaPUC  |9 620625 
650 0 0 |a Control de temperatura  |9 364026 
650 0 7 |a RADIACION SOLAR  |2 CL-VaPUC  |9 350685 
650 0 0 |a Fuentes de energía  |9 263042 
942 |c BK 
945 |a cmena  |d 20040915 00:00:00 
546 |a En Español 
546 |a En Inglés 
536 |a Universidad Católica de Valparaíso 
536 |a Universidad Técnica Federico Santa María 
518 |p Sun at the end of the World, 1, Valparaiso, 28-31 october 2002 
999 |c 384068  |d 384066 
583 |k Rodrigo Vera 
952 |0 0  |1 0  |4 0  |6 621_470000000000000_PRO_2002  |7 0  |8 F  |9 506503  |a BIBRNT  |b BIBRNT  |d 2020-01-23  |i 4055977  |o 621.47 PRO 2002  |p 4055977  |r 2020-01-23  |w 2020-01-23  |y BK_F  |k CIM